Inheritance corridor (Record no. 9368)

000 -LEADER
fixed length control field 00541nam a22001817a 4500
008 - FIXED-LENGTH DATA ELEMENTS--GENERAL INFORMATION
fixed length control field 210408b ||||| |||| 00| 0 eng d
040 ## - CATALOGING SOURCE
Original cataloging agency BMS College of Architecture
100 ## - MAIN ENTRY--PERSONAL NAME
Personal name Usshakiran, R
245 ## - TITLE STATEMENT
Title Inheritance corridor
300 ## - PHYSICAL DESCRIPTION
Extent 73p.
500 ## - GENERAL NOTE
General note 1BM14AHD05
502 ## - DISSERTATION NOTE
Degree type M,Arch
Name of granting institution BMS College of Architecture, Visvesvaraya Technological University
Dissertation note Dissertation
Year degree granted 2016
650 ## - SUBJECT ADDED ENTRY--TOPICAL TERM
Topical term or geographic name as entry element NA
700 ## - ADDED ENTRY--PERSONAL NAME
Personal name Mamatha P Raj
Relator term Guide
700 ## - ADDED ENTRY--PERSONAL NAME
Personal name Sadashiv Chakravarthy
Relator term Guide
700 ## - ADDED ENTRY--PERSONAL NAME
Personal name Rachana Suraj
Relator term Guide
942 ## - ADDED ENTRY ELEMENTS (KOHA)
Source of classification or shelving scheme
Koha item type PG-Thesis and Dissertations
Holdings
Withdrawn status Lost status Source of classification or shelving scheme Damaged status Not for loan Permanent Location Current Location Date acquired Barcode Date last seen Koha item type
          BMS College of Architecture, Design and Planning BMS College of Architecture, Design and Planning 2021-04-08 AR-PGP37 2021-04-08 PG-Thesis and Dissertations
Copyright © 2025, The Librarian, Library and Information Centre, BMSCA D&P, Bengaluru. All Rights Reserved
web counter

Powered by Koha